000 00719nam a2200265Ia 4500
003 OSt
005 20220918222851.0
006 a|||||r|||| 00| 0
007 ta
008 220917b |||||||| |||| 00| 0 eng d
024 _a219,201
037 _cTextual
040 _aARTS
_cARTS
_beng
041 _2eng
_aeng
082 _aY:4:5.4, P3
100 _aCook Sarah
_9144285
245 0 _aSocial protection in Asia
260 _aNew Delhi
_bHar-Anand pub.
_c2003
300 _a288p
_ccm.
650 _aSOCIOLOGY
700 _a Kabeer Naila
_9144286
700 _a Suwannarat Gary
_9144287
942 _hY:4:5.4, P3
_cTEXL
_2CC
999 _c276694
_d276694